La lotería Nacional en España (Record no. 61408)

MARC details
000 -LEADER
campo de control de longitud fija 00498nam a2200157 i 4500
001 - NÚMERO DE CONTROL
campo de control 61408
003 - IDENTIFICADOR DE NÚMERO DE CONTROL
campo de control ES-MaACL
005 - FECHA Y HORA DE LA ÚLTIMA TRANSACCIÓN
campo de control 20230906164442.0
007 - CAMPO FIJO DE DESCRIPCIÓN FÍSICA--INFORMACIÓN GENERAL
campo de control de longitud fija t|
008 - DATOS DE LONGITUD FIJA--INFORMACIÓN GENERAL
campo de control de longitud fija 031112s1949 sp ||||1| spa d
100 1# - ENTRADA PRINCIPAL--NOMBRE DE PERSONA
Nombre de persona Fabé Fernández Villa-Abrille, Carlos.
9 (RLIN) 48498
245 13 - MENCIÓN DEL TÍTULO
Título La lotería Nacional en España
Resto del título : historia /
Mención de responsabilidad, etc. por Carlos Fabé Fernández Villa-Abrille.
260 ## - PUBLICACIÓN, DISTRIBUCIÓN, ETC.
Lugar de publicación, distribución, etc. Madrid :
Nombre del editor, distribuidor, etc. [s.n.],
Fecha de publicación, distribución, etc. 1949 (
Fabricante Tip. Florez)
300 ## - DESCRIPCIÓN FÍSICA
Extensión 203 p. ;
Dimensiones 21 cm.
852 ## - LOCALIZACIÓN
Ubicación ES-MaACL
Número de control de estantería B-12781
Sublocalización o colección R.28771
Holdings
Estatus retirado Estado de pérdida Estado de daño No para préstamo Biblioteca de origen Biblioteca actual Ubicación en estantería Fecha de adquisición Fuente de adquisición Total de préstamos Signatura topográfica completa Código de barras Visto por última vez Precio de reemplazo Tipo de ítem Koha
        Biblioteca del Ateneo de Madrid Biblioteca del Ateneo de Madrid Sala Pardo Bazán 17/01/2008     B-12781 1064391 23/02/2023 23/02/2023 Libro impreso